000 00663nam a2200193Ii 4500
003 JO-AjNU
008 230605s9999||||xx |||||||||||||| ||und||
040 _aJO-AjNU
_bara
_erda
_cJO-AjNU
041 _aara
050 1 4 _aGV481 1987
100 3 _aتاليف الوحش، حسن,
_eauthor
_97896
245 0 0 _aالتمرينات الرياضية لاصحاب العمل الذهني
264 3 1 _aد.م: المؤلف، 1987
300 _a274ص
_bصور توضيحية
336 _atext
_btxt
_2rdacontent
337 _aunmediated
_bn
_2rdamedia
338 _avolume
_bnc
_2rdacarrier
650 4 _aالتمرينات الرياضية - العمل الذهني
_97897
999 _aA511
_c4079
_d4079